02341cam a22004934i 4500003000900000005001700009008004100026020001800067035002700085040003300112049000900145082002100154245018700175264005500362300003800417336002100455337002500476338002300501504004500524505044400569526001001013526001001023526001001033526001001043526000801053526000801061526000801069526000801077526000801085526000801093526000801101541001801109650003301127700004101160700003101201910002601232942001401258949013701272994001401409596000601423999017701429980005501606952018601661PE-LiUPU20250731173346.0150706s2001 miu rb 0g0 0 eng d a90 04 11695 8 a(Sirsi) i9789004116955 aPE-LiUPUbspacPE-LiUPUerda aPRUA04a230.003bE3222104aThe encyclopedia of christianity :bVolume 2 E-I /ceditores, Erwin Fahlbusch . [et al.] ; traductory editor en inglés, Geoffrey W. Bromiley ; editor estatistico, David B. Barrett. 1aGrand Rapids, Michigan :bEerdmans ; Brill,c2001. a787 páginas ;c24 centímetros atext2rdacontent aunmediated2rdamedia avolume2rdacarrier aBibliografía al final de cada entrada.0 aAlphabetizatión -- Statistics -- Cross-references -- Bibliographies -- Consulting editors -- Abbreviations -- Biblical Books, with the Apocrypha -- Old Testamento Pseudepigrapha -- Early Church Writings, with Nag Hammadi Tractates -- Dead Sea Scrolls and Related Texts -- Classical Targums and Rabbinic Writings -- Other Ancient, medieval, and Early Modern Writings -- Modern Publications and Editions -- States and Provinces -- General. aSEG42 aSEG41 aSEG40 aSEG39 aP94 aP87 aP86 aP85 aP77 aP76 aP35 g800-253-7521;04aCristianismovEnciclopedias.1 aBromiley, Geoffrey William,eeditor.1 aFahlbusch, Erwin,eeditor. aglbjvclchd20091230 2ddccBOOK a230.003 E32 2wDEWEYc1i60872lCCODEBUL1mBULp100.00r0sYtBOOKu2015-7-6xTEOLOGIAzUNKNOWN0COMPRAo.STAFF. Colección General aC0bPEPRU a1 a230.003 E32 2wDEWEYc50231i60872d50231e2018-9-3f2021-11-9g6lCCODEBUL1mBULn4p100.00q1r0sYtBOOKu2015-7-6xTEOLOGIAPP350COMPRAo.STAFF. Colección Teología 81gALBERTO SANCHEZ Responsable de Automatización r2025-12-03 00:00:00i7l4o230.003 E32 2p60872s2018-09-03te1v105.00w2015-07-06xFTyBKzinventario-2023-12-13102ddc50708GENfP35aBULbBULcGENd2015-07-06eCOMPRAg100.00